Predikcia termooxidačnej stability materiálov pomocou termoanalytických metód dizertačná práca

Enregistré dans:
Détails bibliographiques
Auteur principal: Peller, András
Format: Livre
Langue:slovaque
Publié: Bratislava STU FCHPT 2013
Accès en ligne:Voir à l'OPAC
Tags: Ajouter un tag
Pas de tags, Soyez le premier à ajouter un tag!

MARC

LEADER 00000nam a2200000 a 4500
005 20260127133945.0
008 150223 2013 000 0 slo d
035 |a vtls010656309 
039 9 |y 201502231002  |z mschk03 
040 |a STUSCHK1  |b slo  |c STUSCHK1  |e AACR2 
100 1 |a Peller, András 
245 1 |a Predikcia termooxidačnej stability materiálov pomocou termoanalytických metód  |b dizertačná práca  |c András Peller 
260 |a Bratislava  |b STU FCHPT  |c 2013 
300 |a 115 s.  |b il.  |c 30 cm 
500 |a Študijný program a odbor: fyzikálna chémia 
500 |a Školiace pracovisko: Odd. fyzikálnej chémie 
910 |a SCHK95 
999 |c 874  |d 874